Statistiques concernant Devine la langue

Cliquez ici pour prendre le quiz!

Statistiques générales

  • Ce quiz a été pris 76 fois
  • Le résultat moyen est 4 sur 5

Statistiques - réponses

QuestionRéponse% Correct
Il est lent ce laitFrançais
100%
안녕, 나야Coréen
76%
Çok güzelTurc
74%
Apa yang kamu ingin aku katakan padamu?Indonésien
67%
她很漂亮,她沒有轟炸Chinois
56%

Distribution des résultats

Percentile par nombre de réponses

% des personnes avec chaque résultat

Votre développement - résultats

Vous n’avez pas pris ce quiz